000 00383nam a2200133Ia 4500
008 151001s9999||||xx |||||||||||||| ||und||
100 _aश्याम मोहन अस्थाना
245 _aबुद्धम शरणम गच्छामि
250 _a1
260 _bअभिव्यक्ती
260 _c2002
300 _a112
365 _b21
999 _c983341
_d983338